000 00958nam a2200217 4500
001 131427
003 ES-MaACL
005 20260127062545.0
007 t|
008 070214s1956 sp r ||||1| spa d
100 1 _aRoca Sastre, Ramón María,
_d1899-1979
_998011
245 1 3 _aEl fideicomiso "Si sine liberis decesserit" y el Código civil
_b: discurso /
_cleído el día 30 de abril de 1956, en su recepción pública, por el Excmo. Sr. Ramón Mª Roca Sastre ; y contestación del Excmo. Sr. Rafael Núñez Lagos.
260 _aMadrid :
_b[s. n.],
_c1956 (
_fImp. Vda. de Galo Sáez)
300 _a147 p. ;
_c23 cm.
594 _aPrecede al tít.: Real Academia de Jurisprudencia y Legislación.
650 4 _aFideicomiso-
_zEspaña.
_9145423
700 1 _aNúñez Lagos, Rafael,
_d1902-1991
_986209
700 _aReal Academia de Jurisprudencia y Legislación de España
_9217612
852 _aES-MaACL
_jC-10212
999 _c131427
_d131427